La futura batalla del agua /
Guardado en:
| Autor principal: | |
|---|---|
| Formato: | Texto |
| Etiquetas: |
Agregar Etiqueta
Sin Etiquetas, Sea el primero en etiquetar este registro!
|
MARC
| LEADER | 00000 a a2200000 04500 | ||
|---|---|---|---|
| 001 | 48235 | ||
| 003 | |||
| 040 | |||
| 100 | |a Ortega, Marlene | ||
| 245 | |a La futura batalla del agua / |c Marlene Ortega | ||
| 773 | |g número512, (2014), páginas 67-84 | ||
| 999 | |c 29764 |d 29764 | ||
